000 00261nam a2200109Ia 4500
008 200302s9999 xx 000 0 und d
100 _aGeorge Michell
245 _aThe Royal Palaces of India
260 _bThames & Hudson Ltd.
260 _c1994
300 _a232 P.,
999 _c874
_d874